000
00483nam a2200145Ia 4500
008
151213s9999 xx 000 0 und d
100
_a
আবু আদনান।
245
_a
নৎসী নেতা হিটলার
_c
আবু আদনান।
260
_a
ঢাকা
_b
খালিদ পাবলিশিং হাউজ।
_c
2002
300
_a
8786 p.
650
_a
Bangla
650
_a
জীবনী।
700
_a
আবু আদনান।
999
_c
4571
_d
4571